| 000 | 00578nam a2200181 i 4500 | ||
|---|---|---|---|
| 001 | 62471 | ||
| 003 | ES-MaACL | ||
| 005 | 20230906164657.0 | ||
| 007 | t| | ||
| 008 | 031121s1985 sp ||||1| spa d | ||
| 020 | _a84-85942-32-9 | ||
| 100 | 1 |
_aFernández Espinar, Ramón. _949763 |
|
| 245 | 1 | 4 |
_aLas fuentes del derecho histórico español _b: esquemas y resúmenes / _cRamón Fernández Espinar. |
| 250 | _a[1ª ed.]. | ||
| 260 |
_aMadrid : _bCentro de Estudios Universitarios Ramón Areces, _c1985. |
||
| 300 |
_a638 p. ; _c24 cm. |
||
| 852 |
_aES-MaACL _jL-2430 _bR.111140 |
||
| 999 |
_c62471 _d62471 |
||